00687 a2200181 4500010001400000020002600014035001400040037000900054082000800063100003100071245004500102260003600147270010200183300002000285942002700305999001900332952015400351 aENG144135 a978817564494Xc350.00 aEN-127667 bDBAD14a4851 aTripathi, Raj Kumar9797191 aStudents Grammer/cby Raj Kumar Tripathi aDelhibSahni Publicationsc2014 a4777, Mitra Gali, Roshanara Road,bDelhie110 007k23822006, 23820751msahni@sahnipublication.com a311pc22cm (Hb) adplcEN2ddch485mTRI c210348d210348 001040708NFICaZLSbZLSd2025-03-18eDelivery of Books Act Divisiong350.00l0o485 TRIpEN-127667r2025-03-18 00:00:00t1v350.00w2025-03-18yEN